Developing Cisco IP Phone Services /

সংরক্ষণ করুন:
গ্রন্থ-পঞ্জীর বিবরন
প্রধান লেখক: Deel, Darrick (autor)
অন্যান্য লেখক: Nelson, Mark (autor) (autor), Smith, Anne (autor) (autor)
বিন্যাস: গ্রন্থ
ভাষা:ইংরেজি
প্রকাশিত: Indianápolis, EUA : Cisco, 2002, c2002
মালা:(Cisco Press Networking Technology Series)
বিষয়গুলি:
ট্যাগগুলো: ট্যাগ যুক্ত করুন
কোনো ট্যাগ নেই, প্রথমজন হিসাবে ট্যাগ করুন!

MARC

LEADER 00000nam^a2200000^a^4500
001 000156384
005 20250521000000.0
009 20260310100501.199
020 |a 1-58705-060-9 
037 |a Acervo ITESO - Biblioteca 
041 |a ING 
082 |a 621. 382171  |b DEE 
100 |a Deel, Darrick  |e (autor) 
245 1 0 |a Developing Cisco IP Phone Services /  |c D. Deel, M. Nelson, A. Smith ; pról. de Richard B. Platt. 
264 4 |a Indianápolis, EUA :  |b Cisco,  |c 2002, c2002 
300 |a XXII, 259 p. +  |e 1 disco compacto de computadora 
336 |a texto  |b txt  |2 rdacontenido 
337 |a sin mediación  |b n  |2 rdamedio 
338 |a volumen  |b nc  |2 rdasoporte 
440 1 |a (Cisco Press Networking Technology Series) 
649 |a XX 
650 |a Transmisión de Voz 
650 |a Procesamiento de Señales 
650 |a Señales y Transmisión de Señales 
650 |a Proceso de Comunicación 
650 |a Protocolos de Comunicación 
650 |a Teléfono 
650 |a Internet 
650 |a Redes de Computadoras 
650 |a Sistemas de Telecomunicación 
650 |a Comunicación en Red 
650 |a Telecomunicaciones 
650 |a Comunicaciones y Tránsito 
650 |a Hipertexto 
650 |a Páginas en Línea 
650 |a Programación (Software) 
650 |a Desarrollo de Sistemas 
650 |a Sistemas Computacionales 
650 |a Ingeniería Computacional 
650 |a Ingeniería Electrónica 
700 |a Nelson, Mark  |e (autor) 
700 |a Smith, Anne  |e (autor) 
910 |a Fondo General 
920 |a Impresos - Libros 
930 |a Colección General 
905 |a 101 
901 |a 0500085155  |b IT1  |c ACC  |u 20250521 
901 |a 0500084997  |b IT2  |c SWS  |u 20250521 
902 |a https://opac.biblio.iteso.mx/vufind/Record/000156384